[Event "109th YMCA Summer A"]
[Site "Warszawa"]
[Date "2012.07.18"]
[Round "1"]
[White "Rozowski, Marcin"]
[Black "Szewczyk, Mariusz"]
[Result "0-1"]
[WhiteElo "1926"]
[BlackElo "2055"]
[Annotator "Admin"]
[PlyCount "136"]
[EventDate "2012.07.11"]
[EventType "tourn"]
[EventRounds "1"]
[EventCountry "POL"]
[SourceDate "2012.07.11"]

1. e4 e5 2. Nf3 Nf6 3. d3 Nc6 4. g3 Bc5 5. Bg2 d5 6. exd5 Nxd5 7. O-O O-O 8.
Bd2 Bg4 9. Nc3 f5 10. Qe1 Ndb4 11. Rc1 Nxc2 12. Rxc2 Qxd3 13. Qe2 Qxc2 14. Qc4+
Kh8 15. Rc1 Qxb2 16. Na4 Qa3 17. Nxc5 Bxf3 18. Rc3 Qb2 19. Bc1 Qe2 20. Bxf3
Qe1+ 21. Kg2 e4 22. Bh5 b5 23. Qb3 Nd4 24. Qb2 f4 25. Bxf4 Rxf4 26. gxf4 Nf5
27. Rc1 Qa5 28. Ne6 e3 29. Bg4 Qd2 30. Qxd2 exd2 31. Rxc7 Nh6 32. Bd1 Re8 33.
Rc6 Nf5 34. Rc5 Nd6 35. Rd5 Rxe6 36. Rxd2 g6 37. Bb3 Rf6 38. Rd5 a6 39. Kf3 Nf5
40. Rd7 a5 41. Bc2 Nd6 42. Kg3 b4 43. Bd3 $11 Nf5+ 44. Bxf5 Rxf5 45. Ra7 Rb5
46. f3 Kg8 47. Kf2 Kf8 48. Ke3 Rh5 49. h4 Ke8 50. Ke4 Kd8 51. f5 gxf5+ 52. Kf4
Rxh4+ 53. Kxf5 Rh5+ 54. Kg4 Rc5 55. f4 h5+ 56. Kf3 Kc8 57. Ke4 Kb8 58. Rh7 a4
59. Kd4 Rf5 60. Ke4 Rb5 61. Rg7 b3 62. axb3 axb3 63. Rg1 b2 64. Rb1 Kc7 65. f5
h4 66. Kf4 h3 67. Kg3 Rb3+ 68. Kf4 h2 0-1

[Event "109th YMCA Summer A"]
[Site "Warszawa"]
[Date "2012.08.02"]
[Round "1"]
[White "Koziol, Pawel"]
[Black "Szukalski, Antoni"]
[Result "1-0"]
[WhiteElo "1829"]
[BlackElo "1836"]
[PlyCount "136"]
[EventDate "2012.07.11"]
[EventType "tourn"]
[EventRounds "1"]
[EventCountry "POL"]
[SourceDate "2012.07.11"]

1. Nf3 Nf6 2. c4 c6 3. b3 g6 4. Bb2 Bg7 5. g3 O-O 6. Bg2 d5 7. O-O Nbd7 8. d3
Re8 9. Nbd2 e6 10. Rc1 Qb6 11. Qc2 a5 12. Ne5 a4 13. Ndf3 axb3 14. axb3 Nxe5
15. Bxe5 Nd7 16. Bxg7 Kxg7 17. Ra1 Rxa1 18. Rxa1 Nc5 19. Qc3+ f6 20. Nd2 Na6
21. e3 Bd7 22. Bf3 Qc5 23. d4 Qf8 24. Be2 Ra8 25. b4 Nc7 26. c5 Rxa1+ 27. Qxa1
Qa8 28. Qxa8 Nxa8 29. Kf1 b5 30. cxb6 Nxb6 31. Nb3 Kf7 32. Ke1 e5 33. Kd2 Ke7
34. Nc5 exd4 35. exd4 Bc8 36. h4 Bd7 37. Bd3 f5 38. Ke3 Be8 39. Ba6 h6 40. Nd3
Na8 41. Ne5 Nc7 42. Bd3 Kf6 43. Kd2 g5 44. hxg5+ hxg5 45. Ke3 Ne6 46. f4 gxf4+
47. gxf4 Nd8 48. Ba6 Nf7 49. Bb7 Nd8 50. Bc8 Ne6 51. Bxe6 Kxe6 52. Kf2 Kd6 53.
Kg3 Bh5 54. Kh4 Bd1 55. Kg5 Bc2 56. Kf6 Kc7 57. Ke6 Kb6 58. Kd6 Ba4 59. Ng6 Kb5
60. Ne7 Kxb4 61. Nxf5 Kc4 62. Ke5 Bb3 63. Nd6+ Kb4 64. Nb7 Bd1 65. f5 Kc4 66.
f6 Bh5 67. Nc5 Kc3 68. Ne6 Kd3 1-0

[Event "109th YMCA Summer A"]
[Site "Warszawa"]
[Date "2012.07.11"]
[Round "1"]
[White "Wroblewski, Szymon"]
[Black "Kadzinski, Wieslaw"]
[Result "1/2-1/2"]
[WhiteElo "1919"]
[BlackElo "1965"]
[PlyCount "30"]
[EventDate "2012.07.11"]
[EventType "tourn"]
[EventRounds "1"]
[EventCountry "POL"]
[SourceDate "2012.07.11"]

1. e4 e5 2. Nf3 Nc6 3. d4 exd4 4. Nxd4 Nf6 5. Nxc6 bxc6 6. e5 Qe7 7. Qe2 Nd5 8.
c4 Ba6 9. b3 g5 10. Qe4 Nf4 11. Bb2 Bg7 12. Nd2 O-O 13. O-O-O Ng6 14. Re1 Rfe8
15. Nf3 Rab8 1/2-1/2

[Event "109th YMCA Summer A"]
[Site "Warszawa"]
[Date "2012.07.19"]
[Round "1"]
[White "Pawlowski, Michal"]
[Black "Sujkowski, Pawel"]
[Result "1/2-1/2"]
[WhiteElo "1868"]
[BlackElo "1970"]
[Annotator "Admin"]
[PlyCount "35"]
[EventDate "2012.07.11"]
[EventType "tourn"]
[EventRounds "1"]
[EventCountry "POL"]
[SourceDate "2012.07.11"]

1. d4 Nf6 2. c4 c5 3. e3 g6 4. Nf3 Bg7 5. Nc3 O-O 6. Bd3 cxd4 7. exd4 d5 8. h3
Nc6 9. O-O b6 10. Be3 Nb4 11. Be2 dxc4 12. Bxc4 Bb7 13. Qb3 Bxf3 14. Qxb4 Bb7
15. a4 e6 16. a5 Bd5 17. Nxd5 Nxd5 18. Bxd5 $11 1/2-1/2

[Event "109th YMCA Summer A"]
[Site "Warszawa"]
[Date "2012.07.17"]
[Round "2"]
[White "Szewczyk, Mariusz"]
[Black "Sujkowski, Pawel"]
[Result "0-1"]
[WhiteElo "2055"]
[BlackElo "1970"]
[PlyCount "84"]
[EventDate "2012.07.11"]
[EventType "tourn"]
[EventRounds "1"]
[EventCountry "POL"]
[SourceDate "2012.07.11"]

1. e4 c5 2. Nf3 Nc6 3. d4 cxd4 4. Nxd4 g6 5. c4 Nf6 6. Nc3 d6 7. Be2 Nxd4 8.
Qxd4 Bg7 9. Be3 O-O 10. Qd2 a5 11. Bh6 Be6 12. h4 a4 13. h5 Qa5 14. hxg6 fxg6
15. Bxg7 Kxg7 16. g4 g5 17. O-O-O a3 18. b3 Qe5 19. Rdf1 Nd7 20. Rh5 h6 21. f4
Rxf4 22. Rxf4 Qxf4 23. Qxf4 gxf4 24. Nb5 Rf8 25. Nd4 Rf6 26. g5 hxg5 27. Rxg5+
Kh6 28. Rh5+ Kg6 29. Rb5 Nc5 30. b4 Nxe4 31. Bd3 Bxc4 32. Bxe4+ Kh6 33. Rxb7 d5
34. Bg2 e5 35. Nf3 e4 36. Nd2 f3 37. Bf1 e3 38. Nxc4 dxc4 39. Kd1 Rd6+ 40. Ke1
Rd2 41. Bxc4 Rc2 42. Bb3 f2+ 0-1

[Event "109th YMCA Summer A"]
[Site "Warszawa"]
[Date "2012.07.13"]
[Round "2"]
[White "Kadzinski, Wieslaw"]
[Black "Pawlowski, Michal"]
[Result "1/2-1/2"]
[WhiteElo "1965"]
[BlackElo "1868"]
[Annotator "Admin"]
[PlyCount "48"]
[EventDate "2012.07.11"]
[EventType "tourn"]
[EventRounds "1"]
[EventCountry "POL"]
[SourceDate "2012.07.11"]

1. e4 c6 2. d4 d5 3. e5 Bf5 4. h4 h6 5. g4 Bh7 6. e6 fxe6 7. Bd3 Bxd3 8. Qxd3
Kf7 9. Nf3 Nd7 10. h5 Ngf6 11. Nc3 Kg8 12. Qe2 Qe8 13. g5 hxg5 14. Nxg5 e5 15.
dxe5 Rxh5 16. Rg1 Nh7 17. e6 Ndf6 18. Nf7 c5 19. Bd2 Qc6 20. O-O-O d4 21. Nb1
Qe4 22. Nh6+ Kh8 23. Nf7+ Kg8 24. Nh6+ Kh8 $11 1/2-1/2

[Event "109th YMCA Summer A"]
[Site "Warszawa"]
[Date "2012.07.13"]
[Round "2"]
[White "Grabowicz, Marcin"]
[Black "Wroblewski, Szymon"]
[Result "1-0"]
[WhiteElo "1895"]
[BlackElo "1919"]
[PlyCount "37"]
[EventDate "2012.07.11"]
[EventType "tourn"]
[EventRounds "1"]
[EventCountry "POL"]
[SourceDate "2012.07.11"]

1. e4 c5 2. Nf3 d6 3. d4 cxd4 4. c3 dxc3 5. Nxc3 e6 6. Bc4 Be7 7. O-O a6 8. a3
Nf6 9. Qe2 O-O 10. Rd1 b5 11. Bb3 Qc7 12. Bf4 Nc6 13. Rac1 Rd8 14. Nd5 exd5 15.
exd5 Nxd5 16. Bxd5 Bb7 17. Bxc6 Bxc6 18. Nd4 Re8 19. Nxc6 1-0

[Event "109th YMCA Summer A"]
[Site "Warszawa"]
[Date "2012.07.18"]
[Round "3"]
[White "Wroblewski, Szymon"]
[Black "Szukalski, Antoni"]
[Result "0-1"]
[WhiteElo "1919"]
[BlackElo "1836"]
[PlyCount "136"]
[EventDate "2012.07.11"]
[EventType "tourn"]
[EventRounds "1"]
[EventCountry "POL"]
[SourceDate "2012.07.11"]

1. e4 e5 2. Nf3 Nc6 3. d4 exd4 4. Nxd4 Bc5 5. Nxc6 Qf6 6. f4 dxc6 7. Nc3 Nh6 8.
f5 O-O 9. Bd2 Re8 10. Qh5 Qxf5 11. Qxf5 Nxf5 12. O-O-O Ne3 13. Re1 Nxf1 14.
Rhxf1 Be6 15. h3 Rad8 16. Rf3 Rd7 17. Be3 Bxe3+ 18. Rfxe3 Red8 19. R3e2 a6 20.
Rf2 Rd4 21. Nd1 b5 22. Ne3 Rxe4 23. Rfe2 g6 24. Ng4 Rxe2 25. Rxe2 Bxg4 26. hxg4
Kf8 27. c3 Rd6 28. Re4 Re6 29. Rd4 Ke7 30. g5 Re5 31. Rg4 a5 32. Kd2 c5 33. Rg3
c4 34. Rg4 c5 35. a3 Ke6 36. Rg3 Re4 37. Kc1 b4 38. cxb4 cxb4 39. axb4 axb4 40.
Kd1 Kf5 41. Rh3 Kxg5 42. Rxh7 f5 43. Rb7 c3 44. bxc3 bxc3 45. Ra7 Rd4+ 46. Ke2
Rd2+ 47. Kf3 c2 48. Rc7 Kf6 49. g3 g5 50. Ke3 Rg2 51. Kf3 Rh2 52. Ke3 Ke5 53.
Rc5+ Kd6 54. Rc8 Kd5 55. Rc7 Rh3 56. Kf2 Rh2+ 57. Ke3 g4 58. Kf4 Rf2+ 59. Kg5
Kd4 60. Rc8 Kd3 61. Rd8+ Kc3 62. Rc8+ Kb2 63. Rb8+ Kc1 64. Rd8 Rd2 65. Rc8 Kd1
66. Kxf5 Rd4 67. Ke5 Rb4 68. Rd8+ Kc1 0-1

[Event "109th YMCA Summer A"]
[Site "Warszawa"]
[Date "2012.07.31"]
[Round "2"]
[White "Rozowski, Marcin"]
[Black "Koziol, Pawel"]
[Result "1/2-1/2"]
[WhiteElo "1926"]
[BlackElo "1829"]
[Annotator "Admin"]
[PlyCount "68"]
[EventDate "2012.07.11"]
[EventType "tourn"]
[EventRounds "1"]
[EventCountry "POL"]
[SourceDate "2012.07.11"]

1. e4 e5 2. Nf3 Nc6 3. Bb5 a6 4. Bxc6 dxc6 5. Nc3 f6 6. d4 exd4 7. Nxd4 Qd6 8.
Be3 Bd7 9. Qh5+ g6 10. Qe2 O-O-O 11. O-O-O Qe7 12. Qc4 Nh6 13. f3 Nf7 14. Nb3
Qe6 15. Qd4 b6 16. Qa4 Kb7 17. Nd4 Qe8 18. Qc4 Ne5 19. Qf1 Bg7 20. h3 Qf7 21.
b3 c5 22. Nde2 Be6 23. Qf2 c4 24. Nf4 cxb3 25. axb3 f5 26. Nxe6 Qxe6 27. f4 Ng4
28. hxg4 Bxc3 29. exf5 Qe7 30. Rd3 Qa3+ 31. Kd1 Rxd3+ 32. cxd3 Qxb3+ 33. Qc2
Qa3 34. fxg6 hxg6 $11 1/2-1/2

[Event "109th YMCA Summer A"]
[Site "Warszawa"]
[Date "2012.07.26"]
[Round "3"]
[White "Koziol, Pawel"]
[Black "Szewczyk, Mariusz"]
[Result "1-0"]
[WhiteElo "1829"]
[BlackElo "2055"]
[PlyCount "119"]
[EventDate "2012.07.11"]
[EventType "tourn"]
[EventRounds "1"]
[EventCountry "POL"]
[SourceDate "2012.07.11"]

1. c4 e5 2. Nc3 Nf6 3. Nf3 Nc6 4. e3 d5 5. cxd5 Nxd5 6. Bb5 Nxc3 7. bxc3 e4 8.
Nd4 Bd7 9. Qc2 Qh4 10. g3 Qg4 11. Bf1 Ne5 12. Be2 Qg6 13. f4 Nd3+ 14. Bxd3 exd3
15. Qd1 c5 16. Nf3 Qe4 17. Kf2 f6 18. Rg1 Bg4 19. Ng5 Bxd1 20. Nxe4 Ba4 21. c4
b5 22. Nc3 a6 23. Nxa4 bxa4 24. Rb1 Bd6 25. Ba3 O-O 26. Rb7 Rfe8 27. Kf3 Rad8
28. Rb6 Bc7 29. Rxa6 Ra8 30. Rxa8 Rxa8 31. Ke4 Ba5 32. Rd1 Rb8 33. Kxd3 Bb4 34.
Bxb4 Rxb4 35. Kc3 a3 36. Rc1 Rb2 37. Rc2 Rb1 38. d4 Kf7 39. dxc5 Ke7 40. Rd2 h5
41. c6 Rb6 42. Rd7+ Ke6 43. Ra7 Rxc6 44. Rxa3 Kf5 45. Kd4 Rd6+ 46. Kc5 Rd2 47.
Kc6 Rxh2 48. c5 Kg4 49. e4 Rh3 50. e5 fxe5 51. fxe5 Kf5 52. Kd6 Rh2 53. e6 Rd2+
54. Ke7 Re2 55. Rf3+ Ke4 56. Rc3 Kd5 57. Rd3+ Kxc5 58. Kf7 Kc4 59. Rd8 Rxa2 60.
e7 1-0

[Event "109th YMCA Summer A"]
[Site "Warszawa"]
[Date "2012.07.18"]
[Round "3"]
[White "Pawlowski, Michal"]
[Black "Grabowicz, Marcin"]
[Result "1/2-1/2"]
[WhiteElo "1868"]
[BlackElo "1895"]
[PlyCount "34"]
[EventDate "2012.07.11"]
[EventType "tourn"]
[EventRounds "1"]
[EventCountry "POL"]
[SourceDate "2012.07.11"]

1. d4 Nf6 2. Nf3 g6 3. g3 Bg7 4. Bg2 O-O 5. O-O d6 6. c4 a6 7. Nc3 Nc6 8. d5
Na5 9. Nd2 c5 10. e4 Rb8 11. a4 Bd7 12. h3 b5 13. axb5 axb5 14. cxb5 Bxb5 15.
Nxb5 Rxb5 16. Qa4 Qb6 17. Re1 Nb3 1/2-1/2

[Event "109th YMCA Summer A"]
[Site "Warszawa"]
[Date "2012.07.18"]
[Round "3"]
[White "Sujkowski, Pawel"]
[Black "Kadzinski, Wieslaw"]
[Result "1/2-1/2"]
[WhiteElo "1970"]
[BlackElo "1965"]
[Annotator "Admin"]
[PlyCount "44"]
[EventDate "2012.07.11"]
[EventType "tourn"]
[EventRounds "1"]
[EventCountry "POL"]
[SourceDate "2012.07.11"]

1. e4 e5 2. Nf3 Nc6 3. Bb5 a6 4. Bxc6 dxc6 5. O-O Bg4 6. h3 h5 7. d3 Qf6 8. Be3
Bxf3 9. Qxf3 Qxf3 10. gxf3 Bd6 11. Nd2 Ne7 $11 12. Nc4 Ng6 13. Rfd1 O-O-O 14.
Kf1 Rd7 15. Ke2 Be7 16. Rg1 Bf6 17. b4 b6 18. a4 Kb7 19. Ra3 Re8 20. Rb3 Rdd8
21. Nd2 Nf8 22. Nc4 Ne6 $11 1/2-1/2

[Event "109th YMCA Summer A"]
[Site "Warszawa"]
[Date "2012.07.20"]
[Round "4"]
[White "Szewczyk, Mariusz"]
[Black "Kadzinski, Wieslaw"]
[Result "0-1"]
[WhiteElo "2055"]
[BlackElo "1965"]
[Annotator "Admin"]
[PlyCount "90"]
[EventDate "2012.07.11"]
[EventType "tourn"]
[EventRounds "1"]
[EventCountry "POL"]
[SourceDate "2012.07.11"]

1. e4 e5 2. Nf3 Nc6 3. Bc4 Nf6 4. d3 Be7 5. Nc3 O-O 6. Be3 d6 7. a3 Be6 8. Bxe6
fxe6 9. Qd2 d5 10. Bg5 d4 11. Ne2 Nd7 12. h4 a5 13. Rh3 Rf7 14. Ng3 Nc5 15. Ke2
h6 16. Rah1 a4 17. Bxe7 Qxe7 $11 18. Nh5 Kf8 19. Rg3 Nd7 20. Rhh3 Ke8 21. Rg6
Nf6 22. Nxf6+ Rxf6 23. Rhg3 Rxg6 24. Rxg6 Qf7 25. h5 Kf8 26. Qc1 Ra5 $11 27.
Qh1 Rb5 28. Rg4 Rxb2 29. Qc1 Ra2 30. Qb1 Rxa3 31. Qxb7 Rc3 32. Qa8+ Qe8 33.
Qxa4 Qxh5 34. Rh4 Qg6 35. g3 Qf6 36. Rg4 g5 37. Qa8+ Ke7 38. Qa4 Kf7 39. Qa8
Rxc2+ 40. Kd1 Rc3 41. Ke2 Nb4 42. Qa5 Rc2+ 43. Nd2 Rxd2+ 44. Kxd2 Qxf2+ 45. Kd1
Qc2+ 0-1

[Event "109th YMCA Summer A"]
[Site "Warszawa"]
[Date "2012.07.20"]
[Round "4"]
[White "Grabowicz, Marcin"]
[Black "Sujkowski, Pawel"]
[Result "1-0"]
[WhiteElo "1895"]
[BlackElo "1970"]
[PlyCount "59"]
[EventDate "2012.07.11"]
[EventType "tourn"]
[EventRounds "1"]
[EventCountry "POL"]
[SourceDate "2012.07.11"]

1. e4 c5 2. Nf3 Nc6 3. d4 cxd4 4. c3 dxc3 5. Nxc3 d6 6. Bc4 a6 7. O-O Nf6 8.
Qe2 Bg4 9. Rd1 e6 10. Bf4 Qb8 11. h3 Bxf3 12. Qxf3 Be7 13. Qe2 O-O 14. a3 b5
15. Ba2 Rd8 16. Rac1 Qb7 17. Bg5 Rac8 18. f4 Ne8 19. Bxe7 Qxe7 20. f5 Ne5 21.
Qf2 Rc6 22. fxe6 fxe6 23. Nd5 Qb7 24. Rxc6 Nxc6 25. Rf1 Nf6 26. Nxf6+ gxf6 27.
Bxe6+ Kh8 28. Bd5 f5 29. Rc1 Rc8 30. Rxc6 1-0

[Event "109th YMCA Summer A"]
[Site "Warszawa"]
[Date "2012.07.20"]
[Round "4"]
[White "Szukalski, Antoni"]
[Black "Pawlowski, Michal"]
[Result "1/2-1/2"]
[WhiteElo "1836"]
[BlackElo "1868"]
[PlyCount "60"]
[EventDate "2012.07.11"]
[EventType "tourn"]
[EventRounds "1"]
[EventCountry "POL"]
[SourceDate "2012.07.11"]

1. d4 Nf6 2. c4 e6 3. Nc3 Bb4 4. Qc2 c5 5. e3 O-O 6. Nf3 b6 7. Bd3 Bb7 8. e4
cxd4 9. Nxd4 d5 10. cxd5 exd5 11. e5 Qe7 12. Bf4 Ne4 13. O-O Qc5 14. Nce2 Qa5
15. Nb3 Qa4 16. Be3 Rc8 17. Qd1 Nc5 18. Bc2 Nxb3 19. Bxb3 Qd7 20. Nd4 Bc5 21.
Qd2 Na6 22. a3 Bf8 23. Bc2 Qe8 24. b4 Nc7 25. Bf5 Ne6 26. Rac1 Rxc1 27. Rxc1
Rc8 28. Rc3 Ba6 29. Rxc8 Qxc8 30. Qc2 Qxc2 1/2-1/2

[Event "109th YMCA Summer A"]
[Site "Warszawa"]
[Date "2012.08.02"]
[Round "4"]
[White "Rozowski, Marcin"]
[Black "Wroblewski, Szymon"]
[Result "1/2-1/2"]
[WhiteElo "1926"]
[BlackElo "1919"]
[Annotator "Admin"]
[PlyCount "46"]
[EventDate "2012.07.11"]
[EventType "tourn"]
[EventRounds "1"]
[EventCountry "POL"]
[SourceDate "2012.07.11"]

1. e4 c5 2. Nf3 Nc6 3. d4 cxd4 4. Nxd4 Nf6 5. Nc3 e6 6. Ndb5 d6 7. Bf4 e5 8.
Bg5 a6 9. Na3 b5 10. Bxf6 Qxf6 11. Nd5 Qd8 12. c4 b4 13. Nc2 a5 14. Bd3 g6 15.
O-O Bg7 16. b3 O-O 17. a3 bxa3 18. Rxa3 Be6 19. Qd2 Rb8 20. Nc3 f5 21. Nb5 f4
22. Rd1 Qh4 23. f3 Rfd8 $11 1/2-1/2

[Event "109th YMCA Summer A"]
[Site "Warszawa"]
[Date "2012.07.25"]
[Round "5"]
[White "Wroblewski, Szymon"]
[Black "Koziol, Pawel"]
[Result "1/2-1/2"]
[WhiteElo "1919"]
[BlackElo "1829"]
[Annotator "Admin"]
[PlyCount "40"]
[EventDate "2012.07.11"]
[EventType "tourn"]
[EventRounds "1"]
[EventCountry "POL"]
[SourceDate "2012.07.11"]

1. e4 e5 2. Nf3 Nc6 3. Bc4 Bc5 4. O-O Nf6 5. Re1 d6 6. h3 O-O 7. d3 h6 8. c3
Bb6 9. b4 Be6 10. Bb3 Bxb3 11. Qxb3 Kh7 12. Be3 Ne7 13. Nbd2 Ng6 14. Rad1 Nd7
15. d4 Qf6 16. Nc4 Nf4 17. Nxb6 axb6 18. dxe5 Nxe5 19. Nxe5 Qxe5 20. Qc2 Ng6
$11 1/2-1/2

[Event "109th YMCA Summer A"]
[Site "Warszawa"]
[Date "2012.07.25"]
[Round "5"]
[White "Pawlowski, Michal"]
[Black "Rozowski, Marcin"]
[Result "0-1"]
[WhiteElo "1868"]
[BlackElo "1926"]
[PlyCount "124"]
[EventDate "2012.07.11"]
[EventType "tourn"]
[EventRounds "1"]
[EventCountry "POL"]
[SourceDate "2012.07.11"]

1. d4 d5 2. Nf3 c6 3. e3 Bf5 4. c4 e6 5. Nc3 Nf6 6. Bd3 Bxd3 7. Qxd3 Be7 8. O-O
O-O 9. a3 Nbd7 10. Bd2 dxc4 11. Qxc4 c5 12. dxc5 Nxc5 13. b4 Ncd7 14. Rfd1 Rc8
15. Qb3 Qb6 16. Na4 Qb5 17. Nd4 Qh5 18. Rac1 b5 19. Nc3 a6 20. Nce2 Bd6 21. Nf4
Bxf4 22. exf4 Nd5 23. a4 N7f6 24. axb5 axb5 25. Nxb5 Rxc1 26. Rxc1 Qe2 27. f5
Qxd2 28. Rb1 Rc8 29. g3 Rc2 30. Rf1 exf5 31. Nd4 Rb2 32. Qa4 g6 33. Qa8+ Kg7
34. Qa7 Qxb4 35. Ne6+ Kg8 36. Ng5 Qb7 37. Qd4 Rb1 38. Qc5 Rxf1+ 39. Kxf1 h6 40.
Nh3 Qb1+ 41. Kg2 Qe4+ 42. Kg1 Kg7 43. Qc1 g5 44. Nxg5 hxg5 45. Qxg5+ Kf8 46.
Qh6+ Ke7 47. Qc1 Ng4 48. Qc5+ Kf6 49. Qc6+ Kg7 50. Qc1 f6 51. h3 Ne5 52. Qd1
Nf3+ 53. Kf1 Nd4 54. Kg1 Nc3 55. Qf1 Nce2+ 56. Kh2 Nf3+ 57. Kh1 Nd2+ 58. Qg2
Nf3 59. Qf1 f4 60. g4 Nd2+ 61. Qg2 Qb1+ 62. Kh2 Nf1+ 0-1

[Event "109th YMCA Summer A"]
[Site "Warszawa"]
[Date "2012.07.11"]
[Round "5"]
[White "Sujkowski, Pawel"]
[Black "Szukalski, Antoni"]
[Result "1/2-1/2"]
[WhiteElo "1970"]
[BlackElo "1836"]
[Annotator "Admin"]
[PlyCount "33"]
[EventDate "2012.07.11"]
[EventType "tourn"]
[EventRounds "1"]
[EventCountry "POL"]
[SourceDate "2012.07.11"]

1. e4 c6 2. c4 d5 3. cxd5 cxd5 4. exd5 Qxd5 5. d4 Nc6 6. Nf3 e6 7. Nc3 Bb4 8.
Bd2 Bxc3 9. Bxc3 Nf6 10. Bd3 a6 11. O-O O-O 12. a4 b6 13. Qe2 Bb7 14. Rfd1 Ne7
15. Qf1 Rfd8 16. Ne5 Ng6 17. Bc4 $11 1/2-1/2

[Event "109th YMCA Summer A"]
[Site "Warszawa"]
[Date "2012.07.26"]
[Round "5"]
[White "Kadzinski, Wieslaw"]
[Black "Grabowicz, Marcin"]
[Result "1-0"]
[WhiteElo "1965"]
[BlackElo "1895"]
[Annotator "Admin"]
[PlyCount "45"]
[EventDate "2012.07.11"]
[EventType "tourn"]
[EventRounds "1"]
[EventCountry "POL"]
[SourceDate "2012.07.11"]

1. e4 d5 2. exd5 Qxd5 3. Nc3 Qa5 4. d4 Nf6 5. Nf3 Bf5 6. Ne5 c6 7. g4 Be6 8.
Bc4 Bxc4 9. Nxc4 Qc7 10. Qf3 e6 11. Bf4 Qd8 12. O-O-O Be7 13. g5 Nd5 $11 14.
Ne4 Nxf4 15. Qxf4 O-O 16. Rhg1 Nd7 17. Ne5 f5 18. gxf6 Nxf6 19. Rxg7+ Kxg7 20.
Rg1+ Kh8 21. Qh6 Ne8 22. Qxf8+ Bxf8 23. Nf7# 1-0

[Event "109th YMCA Summer A"]
[Site "Warszawa"]
[Date "2012.07.27"]
[Round "6"]
[White "Szewczyk, Mariusz"]
[Black "Grabowicz, Marcin"]
[Result "1-0"]
[WhiteElo "2055"]
[BlackElo "1895"]
[PlyCount "33"]
[EventDate "2012.07.11"]
[EventType "tourn"]
[EventRounds "1"]
[EventCountry "POL"]
[SourceDate "2012.07.11"]

1. e4 d5 2. exd5 Qxd5 3. Nc3 Qa5 4. Bc4 Nf6 5. Nf3 Bf5 6. O-O e6 7. Re1 Bb4 8.
Re5 Qb6 9. Na4 Qd6 10. c3 Nc6 11. Bb5 Bg4 12. d4 O-O-O 13. Rg5 e5 14. h3 Bh5
15. Bxc6 bxc6 16. cxb4 e4 17. Nc5 1-0

[Event "109th YMCA Summer A"]
[Site "Warszawa"]
[Date "2012.07.27"]
[Round "6"]
[White "Szukalski, Antoni"]
[Black "Kadzinski, Wieslaw"]
[Result "1/2-1/2"]
[WhiteElo "1836"]
[BlackElo "1965"]
[Annotator "Admin"]
[PlyCount "74"]
[EventDate "2012.07.11"]
[EventType "tourn"]
[EventRounds "1"]
[EventCountry "POL"]
[SourceDate "2012.07.11"]

1. d4 Nf6 2. c4 g6 3. Nc3 Bg7 4. e4 d6 5. Bd3 e5 6. d5 a5 7. a3 O-O 8. f3 Nbd7
9. Be3 Nh5 10. Qd2 Nc5 11. Bc2 f5 12. Nge2 b6 13. O-O f4 14. Bf2 g5 15. b4 Nd7
16. Bd3 Rf6 17. Na4 Rg6 18. Nec3 g4 19. fxg4 Nhf6 20. h3 h5 21. g5 Rxg5 22. Bh4
Rg6 23. Be2 Qf8 24. Qd1 Qf7 25. Kh1 Rh6 26. Qc2 Ng4 27. Bf2 Nxf2+ 28. Rxf2 Nf6
29. Nd1 Rg6 30. c5 axb4 31. axb4 bxc5 32. bxc5 Bf8 33. Bf3 Rg3 34. Rc1 Qg7 35.
cxd6 Bxd6 36. Nc5 Bxh3 37. Nb7 Bg4 $11 1/2-1/2

[Event "109th YMCA Summer A"]
[Site "Warszawa"]
[Date "2012.08.25"]
[Round "6"]
[White "Rozowski, Marcin"]
[Black "Sujkowski, Pawel"]
[Result "0-1"]
[WhiteElo "1926"]
[BlackElo "1970"]
[PlyCount "90"]
[EventDate "2012.07.11"]
[EventType "tourn"]
[EventRounds "1"]
[EventCountry "POL"]
[SourceDate "2012.07.11"]

1. e4 g6 2. d4 Bg7 3. Nf3 c5 4. Be3 Nc6 5. c3 cxd4 6. cxd4 d5 7. exd5 Qxd5 8.
Nc3 Qa5 9. Bc4 Nf6 10. O-O O-O 11. h3 Qb4 12. Qb3 Qxb3 13. Bxb3 Na5 14. Rfe1
Nxb3 15. axb3 Be6 16. Ra3 a6 17. Ng5 Bd5 18. Bf4 h6 19. Nge4 Bxe4 20. Nxe4 Nxe4
21. Rxe4 e6 22. Be5 Rfd8 23. Kf1 Rac8 24. Bxg7 Kxg7 25. Ra4 Rd6 26. Rc4 Rcd8
27. Rc7 R8d7 28. Rxd7 Rxd7 29. Ke2 g5 30. h4 Rd6 31. hxg5 hxg5 32. Kd3 Kg6 33.
Re1 Rb6 34. Kc3 Rb5 35. Rh1 e5 36. dxe5 Rxe5 37. Kd3 Rb5 38. Kc3 g4 39. f3 gxf3
40. gxf3 Kg5 41. Kc4 Kf4 42. b4 f5 43. Rh3 Ke3 44. b3 f4 45. Kc3 Kf2 0-1

[Event "109th YMCA Summer A"]
[Site "Warszawa"]
[Date "2012.07.27"]
[Round "6"]
[White "Koziol, Pawel"]
[Black "Pawlowski, Michal"]
[Result "1-0"]
[WhiteElo "1829"]
[BlackElo "1868"]
[PlyCount "131"]
[EventDate "2012.07.11"]
[EventType "tourn"]
[EventRounds "1"]
[EventCountry "POL"]
[SourceDate "2012.07.11"]

1. Nf3 Nf6 2. c4 c5 3. g3 e6 4. Bg2 d5 5. O-O Nc6 6. cxd5 exd5 7. d4 Bf5 8. Bg5
h6 9. Bxf6 Qxf6 10. Nc3 cxd4 11. Nxd5 Qd8 12. Nxd4 Bd7 13. Rc1 a6 14. Qd3 Bd6
15. Nf5 Bxf5 16. Qxf5 O-O 17. Rfd1 Ne5 18. Be4 g6 19. Qh3 Kg7 20. Bg2 Qa5 21.
Nc3 Rfd8 22. Qh4 f6 23. Nd5 g5 24. Qe4 f5 25. Qxf5 Rf8 26. Qe6 Rad8 27. Ne3 Rf6
28. Qd5 Qxd5 29. Rxd5 Rdf8 30. g4 Bb8 31. Nf5+ Kg6 32. h3 h5 33. Bf3 Nxf3+ 34.
exf3 Bf4 35. Rcd1 hxg4 36. fxg4 R6f7 37. Re1 Rc7 38. Re7 Rf7 39. Re2 Rc1+ 40.
Kg2 Ra1 41. Rd8 Kf6 42. Rde8 Rc7 43. a3 Rac1 44. R2e6+ Kf7 45. R8e7+ Kf8 46.
Re8+ Kf7 47. Re2 Rb1 48. R8e7+ Kf8 49. Rxc7 Bxc7 50. Ng3 Bf4 51. Ne4 Kg7 52.
Nc5 Kg6 53. Nxb7 Bc1 54. Nc5 Rxb2 55. Rxb2 Bxb2 56. a4 a5 57. Nb3 Bc3 58. Kf3
Kf6 59. Ke4 Be1 60. f4 Bc3 61. f5 Bb4 62. Kd5 Bc3 63. Kc4 Be1 64. Kd5 Bb4 65.
Nc5 Ba3 66. Ne4+ 1-0

[Event "109th YMCA Summer A"]
[Site "Warszawa"]
[Date "2012.08.22"]
[Round "7"]
[White "Wroblewski, Szymon"]
[Black "Szewczyk, Mariusz"]
[Result "0-1"]
[WhiteElo "1919"]
[BlackElo "2055"]
[PlyCount "78"]
[EventDate "2012.07.11"]
[EventType "tourn"]
[EventRounds "1"]
[EventCountry "POL"]
[SourceDate "2012.07.11"]

1. e4 e5 2. Nf3 Nc6 3. Bc4 Bc5 4. O-O d6 5. h3 Nf6 6. d3 Be6 7. Bb3 Qd7 8. c3
O-O 9. Ba4 Bb6 10. d4 exd4 11. cxd4 d5 12. Ne5 Qe8 13. exd5 Bxd5 14. Re1 Qd8
15. Be3 Ne4 16. Nc3 Nxc3 17. bxc3 Nxe5 18. dxe5 Bxe3 19. Rxe3 Bc4 20. Qg4 Be6
21. Qe2 Qe7 22. Bb3 Qc5 23. Rd1 Rfe8 24. Kh2 a5 25. f4 g6 26. Red3 Bxb3 27.
axb3 a4 28. bxa4 Rxa4 29. Qg4 Re6 30. Rd8+ Kg7 31. R1d7 Rxe5 32. Rd4 Re4 33.
Qf3 Rexd4 34. cxd4 Rxd4 35. Qf2 Rd5 36. Qb2+ f6 37. Re8 Qd6 38. Qe2 Qxf4+ 39.
Kh1 Re5 0-1

[Event "109th YMCA Summer A"]
[Site "Warszawa"]
[Date "2012.08.22"]
[Round "7"]
[White "Sujkowski, Pawel"]
[Black "Koziol, Pawel"]
[Result "0-1"]
[WhiteElo "1970"]
[BlackElo "1829"]
[PlyCount "42"]
[EventDate "2012.07.11"]
[EventType "tourn"]
[EventRounds "1"]
[EventCountry "POL"]
[SourceDate "2012.07.11"]

1. e4 e5 2. Nf3 Nc6 3. Bc4 Bc5 4. O-O Nf6 5. d4 Bxd4 6. Nxd4 Nxd4 7. f4 d6 8.
fxe5 dxe5 9. Bg5 Be6 10. Na3 Qe7 11. c3 Bxc4 12. Bxf6 gxf6 13. Nxc4 Ne6 14. b4
Rg8 15. Ne3 Nf4 16. g3 Qe6 17. Kh1 Rxg3 18. Qa4+ Kf8 19. Nf5 Rg5 20. b5 Rxf5
21. exf5 Qd5+ 0-1